<?xml version="1.0" encoding="UTF-8"?><?xml-stylesheet type="text/xsl" href="static/style.xsl"?><OAI-PMH xmlns="http://www.openarchives.org/OAI/2.0/" xmlns:xsi="http://www.w3.org/2001/XMLSchema-instance" xsi:schemaLocation="http://www.openarchives.org/OAI/2.0/ http://www.openarchives.org/OAI/2.0/OAI-PMH.xsd"><responseDate>2026-04-14T08:41:31Z</responseDate><request verb="GetRecord" identifier="oai:www.recercat.cat:2072/418190" metadataPrefix="marc">https://recercat.cat/oai/request</request><GetRecord><record><header><identifier>oai:recercat.cat:2072/418190</identifier><datestamp>2025-04-13T19:03:09Z</datestamp><setSpec>com_2072_98</setSpec><setSpec>col_2072_378193</setSpec></header><metadata><record xmlns="http://www.loc.gov/MARC21/slim" xmlns:dcterms="http://purl.org/dc/terms/" xmlns:xsi="http://www.w3.org/2001/XMLSchema-instance" xmlns:doc="http://www.lyncode.com/xoai" xsi:schemaLocation="http://www.loc.gov/MARC21/slim http://www.loc.gov/standards/marcxml/schema/MARC21slim.xsd">
   <leader>00925njm 22002777a 4500</leader>
   <datafield ind2=" " ind1=" " tag="042">
      <subfield code="a">dc</subfield>
   </datafield>
   <datafield ind2=" " ind1=" " tag="720">
      <subfield code="a">Verger, Antoni</subfield>
      <subfield code="e">author</subfield>
   </datafield>
   <datafield ind2=" " ind1=" " tag="720">
      <subfield code="a">Moschetti, Mauro Carlos</subfield>
      <subfield code="e">author</subfield>
   </datafield>
   <datafield ind2=" " ind1=" " tag="720">
      <subfield code="a">Fontdevila, Clara</subfield>
      <subfield code="e">author</subfield>
   </datafield>
   <datafield ind2=" " ind1=" " tag="260">
      <subfield code="c">2017</subfield>
   </datafield>
   <datafield ind2=" " ind1=" " tag="520">
      <subfield code="a">La privatización de la educación es un fenómeno global que se presenta de forma especialmente acusada en algunas regiones del planeta. América Latina es la región en que la privatización de la provisión educativa ha crecido de forma más pronunciada y constante en las últimas décadas. Sin embargo, la literatura al respecto es todavía limitada, y la articulación de una perspectiva regional presenta dificultades dada la heterogeneidad interna de la región. En consideración de ello, el objetivo de esta investigación consiste en mapear la distintas manifestaciones y trayectorias de la privatización educativa en América Latina, en base a la multiplicidad de condicionantes sociopolíticos, institucionales, demográficos e históricos que intervienen en cada caso. Uno de los principales resultados del estudio consiste en la identificación de siete trayectorias diferenciables hacia la privatización educativa en América Latina. Éstas son: (1) la privatización educativa como parte de la reforma estructural del Estado, (2) la privatización como reforma incremental, (3) la privatización 'por defecto' y la emergencia de escuelas privadas de bajo costo, (4) las alianzas público-privadas históricas, (5) la privatización por vía del desastre, (6) la contención de la privatización, y (7) la privatización latente.</subfield>
   </datafield>
   <datafield tag="653" ind2=" " ind1=" ">
      <subfield code="a">Política educativa</subfield>
   </datafield>
   <datafield tag="653" ind2=" " ind1=" ">
      <subfield code="a">Privatització educativa</subfield>
   </datafield>
   <datafield tag="653" ind2=" " ind1=" ">
      <subfield code="a">Amèrica Llatina</subfield>
   </datafield>
   <datafield tag="653" ind2=" " ind1=" ">
      <subfield code="a">Economia política</subfield>
   </datafield>
   <datafield ind2="0" ind1="0" tag="245">
      <subfield code="a">La privatización educativa en América Latina : una cartografía de políticas, tendencias y trayectorias</subfield>
   </datafield>
</record></metadata></record></GetRecord></OAI-PMH>